Central Library || Chittagong University

The United states and the far east ./ (Record no. 112204)

MARC details
000 -LEADER
fixed length control field 00511nam a22001817a 4500
003 - CONTROL NUMBER IDENTIFIER
control field BD-ChCU
005 - DATE AND TIME OF LATEST TRANSACTION
control field 20260415094212.0
008 - FIXED-LENGTH DATA ELEMENTS--GENERAL INFORMATION
fixed length control field 260415b bg ||||| |||| 00| 0 ben d
040 ## - CATALOGING SOURCE
Transcribing agency BD-ChCU
082 ## - DEWEY DECIMAL CLASSIFICATION NUMBER
Classification number 327.7305 THU
100 ## - MAIN ENTRY--PERSONAL NAME
Personal name Thorp , Willard L.
9 (RLIN) 21485
245 ## - TITLE STATEMENT
Title The United states and the far east ./
Statement of responsibility, etc. William L. Thorp.
250 ## - EDITION STATEMENT
Edition statement 2nd ed .
260 ## - PUBLICATION, DISTRIBUTION, ETC.
Place of publication, distribution, etc. Englewood Cliffs .
Name of publisher, distributor, etc. Prentice - hall ,
Date of publication, distribution, etc. C 1962
300 ## - PHYSICAL DESCRIPTION
Extent 188p .
650 #0 - SUBJECT ADDED ENTRY--TOPICAL TERM
Topical term or geographic name entry element U.S. Foreign Relation .
9 (RLIN) 21487
942 ## - ADDED ENTRY ELEMENTS (KOHA)
Source of classification or shelving scheme Dewey Decimal Classification
Koha item type Books
Suppress in OPAC No
Holdings
Withdrawn status Lost status Source of classification or shelving scheme Damaged status Not for loan Home library Current library Shelving location Date acquired Source of acquisition Total Checkouts Full call number Barcode Date last seen Copy number Price effective from Koha item type
    Dewey Decimal Classification     Chittagong University Library Chittagong University Library Business and Social Science Reading Room 04/15/2026 Purchase   327.7305 THU 56026 04/15/2026 C-1 04/15/2026 Books
    Dewey Decimal Classification     Chittagong University Library Chittagong University Library Business and Social Science Reading Room 04/15/2026 Purchase   327.7305 THU 56027 04/15/2026 C-2 04/15/2026 Books
    Dewey Decimal Classification     Chittagong University Library Chittagong University Library Business and Social Science Reading Room 04/15/2026 Purchase   327.7305 THU 56028 04/15/2026 C-3 04/15/2026 Books
© Copyright 2026. Chittagong University Library, Installation and Maintenance by Prof. Dr. Md. Alamgir, 01711306253